[Event "Lone Pine op"]
[Site "Lone Pine"]
[Date "1981.??.??"]
[Round "?"]
[White "Gutman, Lev"]
[Black "Whitehead, Jay E"]
[Result "0-1"]
[WhiteElo "2450"]
[BlackElo "2290"]
[PlyCount "146"]
[EventDate "1981.04.??"]
[Source "ChessBase"]

1. d4 Nf6 2. c4 e6 3. Nc3 Bb4 4. a3 Bxc3+ 5. bxc3 O-O 6. f3 Nh5 7. Nh3 f5 8. Qc2 Nc6 9. e4 d6 10. Bg5 Qe8 11. Bd3 h6 12. Bc1 e5 13. d5 Ne7 14. exf5 Bxf5 15. Bxf5 Nxf5 16. O-O Ne7 17. g4 Qd7 18. Kg2 Nf4+ 19. Bxf4 exf4 20. a4 g5 21. Rfe1 Rf6 22. Qb3 b6 23. Qb5 Rd8 24. Nf2 Ng6 25. Nd3 Qh7 26. c5 dxc5 27. Re8+ Rxe8 28. Qxe8+ Rf8 29. Qe6+ Qf7 30. Re1 Qxe6 31. Rxe6 Kg7 32. c4 Rd8 33. a5 Rd6 34. Re8 c6 35. Ra8 Rd7 36. dxc6 Rc7 37. a6 Kf6 38. Rb8 Rxc6 39. Rb7 Rd6 40. Nf2 Rd2 41. Rxa7 Ra2 42. Ra8 Nh4+ 43. Kf1 Nxf3 44. a7 Kg7 45. Ne4 Nxh2+ 46. Ke1 Nxg4 47. Nc3 Ra1+ 48. Ke2 Ne5 49. Re8 f3+ 50. Kf2 Nd3+ 51. Kxf3 Rxa7 52. Nd5 Rb7 53. Kg4 Nb4 54. Ne3 Kf7 55. Rh8 Re7 56. Nf5 Re4+ 57. Kh5 Kf6 58. Rf8+ Ke5 59. Kxh6 Rxc4 60. Kxg5 Rc1 61. Re8+ Kd5 62. Rd8+ Kc6 63. Kf6 Nd5+ 64. Kf7 Nc7 65. Rd6+ Kb5 66. Ke7 Rf1 67. Ng3 Rf3 68. Rg6 c4 69. Kd6 Na6 70. Ke5 c3 71. Nf5 Rxf5+ 72. Kxf5 c2 73. Rg1 Nc5 0-1

[Event "Sofia (Bulgaria)"]
[Site "?"]
[Date "1965.??.??"]
[Round "2"]
[White "Nikolaevsky Yuri V"]
[Black "Bobotsov Milko G"]
[Result "1-0"]
[WhiteElo "2315"]
[BlackElo "2405"]
[PlyCount "49"]
[EventDate "1965.??.??"]
[Source "www.chesslib.no"]
[SourceDate "2004.05.04"]

1. d4 Nf6 2. c4 e6 3. Nc3 Bb4 4. a3 Bxc3+ 5. bxc3 O-O 6. f3 Nh5 7. Nh3 f5 8. Bg5 Qe8 9. e3 Nc6 10. Bd3 d6 11. O-O Bd7 12. Qc2 g6 13. Bh6 Ng7 14. Qf2 Nd8 15. Qh4 Nf7 16. Bg5 Nxg5 17. Nxg5 Nh5 18. g4 Nf6 19. e4 fxe4 20. fxe4 Qe7 21. Rf2 e5 22. Raf1 Nxg4 23. Rf7 Rxf7 24. Rxf7 Qxf7 25. Nxf7 1-0

[Event "Sitges op 28th"]
[Site "?"]
[Date "2002.07.21"]
[Round "3"]
[White "Moskalenko Viktor"]
[Black "Ramiro Ovejero Juan Luis"]
[Result "1-0"]
[WhiteElo "2513"]
[BlackElo "2203"]
[PlyCount "83"]
[EventDate "2002.??.??"]
[Source "www.chesslib.no"]
[SourceDate "2004.05.04"]

1. d4 Nf6 2. c4 e6 3. Nc3 Bb4 4. a3 Bxc3+ 5. bxc3 O-O 6. f3 d6 7. e4 c5 8. Bd3 Nc6 9. Ne2 b6 10. O-O Ba6 11. f4 Na5 12. f5 cxd4 13. cxd4 Nd7 14. f6 gxf6 15. Bh6 Kh8 16. Bxf8 Qxf8 17. Rf3 Qe7 18. Rg3 Rc8 19. e5 f5 20. exd6 Qxd6 21. c5 bxc5 22. Bxa6 Qxa6 23. dxc5 Ne5 24. Rc1 Nac6 25. Nf4 Ng6 26. Qd2 Qa4 27. Nxg6+ hxg6 28. Rd3 Kg7 29. Qc3+ e5 30. Qc4 Qxc4 31. Rxc4 Nd4 32. c6 Kf6 33. Re3 Rxc6 34. Rxc6+ Nxc6 35. Rc3 Nd4 36. Rc7 a6 37. Ra7 Ke6 38. Rxa6+ Kd5 39. Rf6 Kc4 40. Rxf7 e4 41. Rg7 Kd3 42. Rxg6 1-0

[Event "Goodricke 12th op"]
[Site "Calcutta"]
[Date "2001.02.14"]
[Round "9"]
[White "Murali Krishnan, BT."]
[Black "Shetty, Rahul"]
[Result "0-1"]
[WhiteElo "2353"]
[BlackElo "2331"]
[PlyCount "58"]
[EventDate "2001.02.06"]
[Source "ChessBase"]
[SourceDate "2001.05.17"]

1. d4 Nf6 2. c4 e6 3. Nc3 Bb4 4. a3 Bxc3+ 5. bxc3 O-O 6. f3 c5 7. e4 d6 8. Bd3 Nc6 9. Ne2 e5 10. O-O cxd4 11. cxd4 Nxd4 12. Nxd4 Qb6 13. Be3 exd4 14. Rb1 Qc5 15. Rb5 Qxa3 16. Bxd4 Nd7 17. Bb2 Qa6 18. f4 Nc5 19. Bb1 Bd7 20. Qh5 f6 21. Rf3 Be8 22. Qd5+ Bf7 23. Qd4 Rac8 24. Rg3 Nd7 25. e5 Rxc4 26. Qd3 g6 27. e6 Qxb5 28. exf7+ Rxf7 29. Ba2 d5 0-1

[Event "Lone Pine"]
[Site "Lone Pine"]
[Date "1977.??.??"]
[Round "6"]
[White "Garcia Palermo, Carlos"]
[Black "Verduga, Denis Homero"]
[Result "1-0"]
[WhiteElo "2380"]
[BlackElo "2300"]
[PlyCount "71"]
[EventDate "1977.03.??"]
[Source "ChessBase"]

1. d4 Nf6 2. c4 e6 3. Nc3 Bb4 4. a3 Bxc3+ 5. bxc3 O-O 6. Qc2 d5 7. cxd5 exd5 8. e3 c5 9. Bd3 Nc6 10. Ne2 c4 11. Bf5 Bxf5 12. Qxf5 b5 13. f3 a5 14. e4 Ne7 15. Qf4 Ng6 16. Qf5 dxe4 17. fxe4 Nh4 18. Qxb5 Nxg2+ 19. Kf1 Nh4 20. Bg5 Nf3 21. Ng3 Rb8 22. Qf5 Nxg5 23. Qxg5 h6 24. Qd2 Qe7 25. Qg2 g6 26. e5 Ng4 27. Qf3 f5 28. Kg1 Qg5 29. Re1 f4 30. h4 Qe7 31. Qxg4 fxg3 32. Qxg6+ Qg7 33. Qxg7+ Kxg7 34. Re3 Rb3 35. Rh3 a4 36. Rhxg3+ 1-0

[Event "Budapest 6th"]
[Site "Budapest HUN"]
[Date "1973.05.08"]
[Round "5"]
[White "Sallay, Roland"]
[Black "Eperjesi, Laszlo"]
[Result "0-1"]
[WhiteElo "2300"]
[BlackElo "2375"]
[PlyCount "76"]
[EventDate "1973.05.02"]
[Source "www.chesslib.no"]
[SourceDate "2004.05.04"]

1. d4 Nf6 2. c4 e6 3. Nc3 Bb4 4. a3 Bxc3+ 5. bxc3 O-O 6. f3 Ne8 7. e4 b6 8. Nh3 Nc6 9. d5 Ne7 10. Bd3 e5 11. f4 exf4 12. e5 Ng6 13. O-O d6 14. e6 fxe6 15. Bxf4 e5 16. Bg5 Rxf1+ 17. Qxf1 Nf6 18. Qf3 Qe7 19. Rf1 Bd7 20. Bxf6 gxf6 21. Qxf6 Qxf6 22. Rxf6 Bxh3 23. Bxg6 Kg7 24. Rf2 hxg6 25. gxh3 Rh8 26. c5 dxc5 27. Kg2 Rh4 28. Re2 Kf6 29. Kg3 g5 30. Re1 Rf4 31. Re2 a5 32. Re3 e4 33. c4 Ke5 34. Re1 Kd4 35. Rd1+ Kxc4 36. d6 cxd6 37. Rxd6 e3 38. Re6 Kd3 0-1

[Event "TCh-AUT 2003-4"]
[Site "Velden"]
[Date "2004.01.25"]
[Round "7"]
[White "Karner, Christoph"]
[Black "Neulinger, Manfred"]
[Result "1-0"]
[WhiteElo "2352"]
[BlackElo "2323"]
[PlyCount "87"]
[EventDate "2004.01.01"]
[Source "Roberto Alvarez"]
[SourceDate "2004.01.26"]

1. d4 Nf6 2. c4 e6 3. Nc3 Bb4 4. a3 Bxc3+ 5. bxc3 O-O 6. f3 d6 7. e4 h6 8. Bd3 e5 9. Ne2 Nc6 10. Be3 b6 11. g4 Nh7 12. h4 Na5 13. Ng3 Ba6 14. Qe2 Re8 15. g5 h5 16. Nxh5 Qd7 17. d5 Qa4 18. Qg2 Kh8 19. Rg1 Rg8 20. g6 fxg6 21. Qxg6 Qe8 22. Ke2 Bxc4 23. Qxe8 Raxe8 24. f4 exf4 25. Nxf4 Nf6 26. Ne6 c5 27. Rg5 g6 28. Rh1 Re7 29. Bf4 Nxe4 30. Bxc4 Nxc4 31. Kd3 Nf2+ 32. Kxc4 Nxh1 33. Bxd6 Rf7 34. Be5+ Kh7 35. Rg1 Rf5 36. Ng5+ Kh6 37. Rxh1 Kh5 38. Re1 Kxh4 39. Ne6 g5 40. d6 Kh3 41. d7 g4 42. d8=Q Rxd8 43. Nxd8 g3 44. Re3 1-0

[Event "inAUTOmarket Open"]
[Site "?"]
[Date "2005.07.16"]
[Round "7"]
[White "Lavretzkij Roman"]
[Black "Podolchenko Evgeniy"]
[Result "1-0"]
[WhiteElo "2368"]
[BlackElo "2265"]
[PlyCount "41"]
[EventDate "2005.??.??"]
[Source "www.chesslib.no"]
[SourceDate "2004.05.04"]

1. c4 e6 2. Nc3 Nf6 3. d4 Bb4 4. a3 Bxc3+ 5. bxc3 O-O 6. f3 d6 7. e4 Nc6 8. Bg5 b6 9. Bd3 Ba6 10. Nh3 h6 11. Bh4 Na5 12. O-O Bxc4 13. f4 Qc8 14. Bxf6 gxf6 15. Bxc4 Nxc4 16. Qh5 Kh7 17. Ng5+ fxg5 18. fxg5 f5 19. Qxh6+ Kg8 20. Qg6+ Kh8 21. Rf3 1-0

[Event "BCF Ch"]
[Site "Southport ENG"]
[Date "1983.??.??"]
[Round "7"]
[White "Hempson, Peter W"]
[Black "Ivell, Nicholas W"]
[Result "1/2-1/2"]
[WhiteElo "2245"]
[BlackElo "2350"]
[PlyCount "91"]
[EventDate "1983.08.??"]
[Source "www.chesslib.no"]
[SourceDate "2004.05.04"]

1. d4 Nf6 2. c4 e6 3. Nc3 Bb4 4. a3 Bxc3+ 5. bxc3 O-O 6. Bg5 Nc6 7. f4 d5 8. e3 b6 9. Nf3 Bb7 10. Ne5 Ne7 11. Bxf6 gxf6 12. Ng4 Ng6 13. Qf3 f5 14. Ne5 Nxe5 15. dxe5 f6 16. O-O-O Qe7 17. Kb2 fxe5 18. fxe5 Kh8 19. Rg1 c5 20. Qf4 Rab8 21. Be2 b5 22. cxb5 a6 23. b6 Bc6 24. Ka2 Rxb6 25. Rb1 Rbb8 26. Rxb8 Rxb8 27. Rb1 Rxb1 28. Kxb1 d4 29. exd4 Be4+ 30. Kc1 cxd4 31. cxd4 Qxa3+ 32. Kd1 Qc3 33. Qc1 Qxd4+ 34. Ke1 Qxe5 35. Qh6 Qc3+ 36. Kf1 Qg7 37. Qxe6 Qxg2+ 38. Ke1 Qg1+ 39. Kd2 Qd4+ 40. Ke1 Qc3+ 41. Kf2 Qd4+ 42. Kf1 Bd5 43. Qxa6 Qe5 44. Qh6 Qa1+ 45. Kf2 Qd4+ 46. Kf1 1/2-1/2

[Event "It (Open) Cork IRL"]
[Site "?"]
[Date "2005.04.03"]
[Round "5"]
[White "Zacharek Michal"]
[Black "Quinn Mark"]
[Result "0-1"]
[WhiteElo "2200"]
[BlackElo "2395"]
[PlyCount "88"]
[EventDate "2005.??.??"]
[Source "www.chesslib.no"]
[SourceDate "2004.05.04"]

1. d4 Nf6 2. c4 e6 3. Nc3 Bb4 4. a3 Bxc3+ 5. bxc3 O-O 6. Qc2 Nc6 7. e3 e5 8. Ne2 Re8 9. Bb2 d6 10. Ng3 e4 11. h3 Na5 12. Be2 b6 13. c5 d5 14. c4 Nxc4 15. Bxc4 dxc4 16. O-O Qd5 17. Ne2 a5 18. Rad1 Qf5 19. d5 Nxd5 20. Rfe1 b5 21. Ng3 Qe6 22. Nxe4 Bb7 23. Ng3 Qg6 24. Qc1 h5 25. Rd4 Ne7 26. e4 Nc6 27. Rd7 Ne5 28. Bxe5 Rxe5 29. Rxc7 Bc6 30. Qf4 Rae8 31. f3 b4 32. axb4 axb4 33. Ra1 b3 34. Nf5 b2 35. Rb1 c3 36. Nd6 Rxc5 37. Nxe8 c2 38. Rxb2 c1=Q+ 39. Qxc1 Rxc1+ 40. Kh2 h4 41. g4 hxg3+ 42. Kg2 Qg5 43. Nd6 Qe3 44. Kxg3 Qg5+ 0-1

[Event "HUN-chT2"]
[Site "HUN"]
[Date "1993.??.??"]
[Round "?"]
[White "Vigh, Bela"]
[Black "Botos, Ferenc"]
[Result "1-0"]
[WhiteElo "2400"]
[BlackElo "2195"]
[PlyCount "71"]
[EventDate "1993.??.??"]
[Source "www.chesslib.no"]
[SourceDate "2004.05.04"]

1. d4 Nf6 2. c4 e6 3. Nc3 Bb4 4. a3 Bxc3+ 5. bxc3 O-O 6. f3 d6 7. e4 e5 8. Bd3 Nc6 9. Ne2 h6 10. Be3 Qe7 11. Qd2 b6 12. Ng3 Na5 13. Rb1 Be6 14. O-O Nh7 15. Qe2 g5 16. c5 Nb7 17. c6 Nd8 18. d5 Bc8 19. Ba6 Bxa6 20. Qxa6 Re8 21. Nf5 Qf8 22. a4 f6 23. g4 Nf7 24. Rf2 Rec8 25. Ra1 Qd8 26. h4 Nf8 27. Rh2 Ng6 28. hxg5 hxg5 29. Kf2 Ne7 30. Nh6+ Nxh6 31. Rxh6 Kg7 32. Rah1 Qg8 33. Qf1 Ng6 34. R1h5 Nf8 35. Bxg5 fxg5 36. Rxg5+ 1-0

[Event "France (championnat N2)"]
[Site "?"]
[Date "2004.??.??"]
[Round "10.3"]
[White "Brossard Armel"]
[Black "Saiboulatov Danial"]
[Result "0-1"]
[WhiteElo "2220"]
[BlackElo "2366"]
[PlyCount "72"]
[EventDate "2004.??.??"]
[Source "www.chesslib.no"]
[SourceDate "2004.05.04"]

1. d4 Nf6 2. c4 e6 3. Nc3 Bb4 4. a3 Bxc3+ 5. bxc3 O-O 6. f3 b6 7. e4 Ne8 8. Bd3 Nc6 9. Nh3 Ba6 10. Qe2 e5 11. Be3 f5 12. Bg5 Nf6 13. d5 fxe4 14. Bxe4 Na5 15. Bd3 Qe7 16. Nf2 Nb3 17. Ra2 Nc5 18. Bb1 Qf7 19. Bxf6 gxf6 20. Ne4 Qe7 21. g4 Nxe4 22. Qxe4 Rf7 23. Rg1 Qc5 24. Rag2 Qxc4 25. Qxc4 Bxc4 26. g5 fxg5 27. Rxg5+ Kh8 28. Rxe5 d6 29. Reg5 Rxf3 30. Rg7 Re8+ 31. Kd1 Rf1+ 32. Rxf1 Kxg7 33. Rf5 Re5 34. Rf4 Bxd5 35. Kd2 Bf7 36. Rh4 Rh5 0-1

[Event "UKR tt U18 3rd"]
[Site "?"]
[Date "2001.??.??"]
[Round "?"]
[White "Derjabin Ilja"]
[Black "Zavgorodniy Sergiy"]
[Result "1-0"]
[WhiteElo "2209"]
[BlackElo "2370"]
[PlyCount "65"]
[EventDate "2001.??.??"]
[Source "www.chesslib.no"]
[SourceDate "2004.05.04"]

1. d4 Nf6 2. c4 e6 3. Nc3 Bb4 4. f3 d5 5. a3 Bxc3+ 6. bxc3 O-O 7. e3 c5 8. Bd3 b6 9. cxd5 exd5 10. Ne2 Re8 11. O-O Ba6 12. Bxa6 Nxa6 13. Ng3 Nc7 14. Qd3 Qd7 15. e4 dxe4 16. fxe4 Ng4 17. Bf4 Ne6 18. Qe2 Nxf4 19. Rxf4 Nh6 20. e5 cxd4 21. cxd4 Rad8 22. Raf1 Kh8 23. Kh1 Qe7 24. Qf2 Qd7 25. h3 b5 26. Rh4 Re6 27. Nf5 Nxf5 28. Qxf5 Rh6 29. Qxd7 Rxd7 30. Rc1 Rd8 31. Rf4 Ra6 32. Rxf7 Rxa3 33. e6 1-0

[Event "GER Team Ch Sen"]
[Site "GER"]
[Date "1994.??.??"]
[Round "?"]
[White "Kahn, Manfred"]
[Black "Weigel, Herbert"]
[Result "1-0"]
[WhiteElo "2265"]
[BlackElo "2290"]
[PlyCount "111"]
[EventDate "1994.??.??"]
[Source "www.chesslib.no"]
[SourceDate "2004.05.04"]

1. d4 Nf6 2. c4 e6 3. Nc3 Bb4 4. f3 d5 5. a3 Bxc3+ 6. bxc3 O-O 7. cxd5 exd5 8. e3 Re8 9. Bd3 c5 10. Ne2 Nc6 11. O-O b6 12. Qe1 a5 13. Bb5 Bd7 14. Rb1 Rb8 15. Bd3 c4 16. Bc2 b5 17. Bd2 Qe7 18. Qh4 b4 19. axb4 axb4 20. cxb4 Nxb4 21. Bxb4 Rxb4 22. Bxh7+ Kf8 23. e4 Rxb1 24. Rxb1 Qa3 25. e5 Qe3+ 26. Kf1 Bc6 27. Bf5 Ng8 28. Qf4 Qxf4 29. Nxf4 Ne7 30. Bc2 Ra8 31. Ke1 g6 32. Ne2 Ra2 33. Kd1 Nf5 34. Bxf5 gxf5 35. Ke1 Ra3 36. Rc1 Ke7 37. Nc3 Rb3 38. Rc2 Ra3 39. Kf2 Ke6 40. Kg3 f6 41. exf6 Kxf6 42. Kf4 Rb3 43. h4 Ke6 44. h5 Bd7 45. g3 Kd6 46. g4 fxg4 47. fxg4 Rb8 48. Rg2 Rf8+ 49. Ke3 Re8+ 50. Kd2 Rf8 51. Rg3 Rf4 52. h6 Bxg4 53. h7 Rf2+ 54. Ke3 Rh2 55. Rxg4 Rxh7 56. Rg6+ 1-0

[Event "It (Open) Bad Bertrich GER"]
[Site "?"]
[Date "2005.12.06"]
[Round "5"]
[White "Kahn Manfred"]
[Black "Khanukov Boris"]
[Result "0-1"]
[WhiteElo "2147"]
[BlackElo "2390"]
[PlyCount "80"]
[EventDate "2005.??.??"]
[Source "www.chesslib.no"]
[SourceDate "2004.05.04"]

1. d4 Nf6 2. c4 e6 3. Nc3 Bb4 4. f3 d5 5. a3 Bxc3+ 6. bxc3 O-O 7. cxd5 exd5 8. e3 Bf5 9. Bd3 Qd7 10. Ne2 c5 11. O-O Nc6 12. dxc5 Rfe8 13. Nd4 Bxd3 14. Qxd3 Ne5 15. Qb5 a6 16. Qb1 Rac8 17. Nb3 Nc4 18. Qd3 Qa4 19. Rb1 Qd7 20. Rd1 a5 21. Qd4 a4 22. Na1 Re7 23. Nc2 Na5 24. Rb6 Nb3 25. Qh4 Rxc5 26. Nd4 Nxd4 27. exd4 Rc6 28. Rb4 Rxc3 29. Bg5 Rxa3 30. Bxf6 gxf6 31. Qxf6 Re6 32. Qf4 Rb3 33. Rb1 Rxb1+ 34. Rxb1 Qe7 35. Qb8+ Kg7 36. Qxb7 Re1+ 37. Kf2 Qe3+ 38. Kg3 Qg5+ 39. Kh3 Qf5+ 40. Kg3 Rxb1 0-1

[Event "Buenos Aires TB VI"]
[Site "Buenos Aires ARG"]
[Date "1991.??.??"]
[Round "10"]
[White "Gamarra Caceres, Carlos"]
[Black "Rodriguez, Andres"]
[Result "0-1"]
[WhiteElo "2215"]
[BlackElo "2320"]
[PlyCount "66"]
[EventDate "1991.??.??"]
[Source "www.chesslib.no"]
[SourceDate "2004.05.04"]

1. d4 e6 2. c4 Nf6 3. Nc3 Bb4 4. f3 d5 5. a3 Bxc3+ 6. bxc3 O-O 7. cxd5 Nxd5 8. e4 Nb6 9. a4 f5 10. a5 N6d7 11. e5 c5 12. Bc4 Nc6 13. Bxe6+ Kh8 14. f4 cxd4 15. Ne2 d3 16. Ng3 Nc5 17. Ba2 Nxa5 18. O-O b6 19. Be3 Ba6 20. Bxc5 bxc5 21. Be6 Qb6 22. Bxf5 c4+ 23. Kh1 Nb3 24. Rb1 Bb7 25. Be4 Rae8 26. Qh5 Bxe4 27. Nxe4 Qc6 28. Nd6 Nd2 29. Rb7 Nxf1 30. Qg4 Qxb7 31. Nxb7 Ne3 32. Qd7 Rb8 33. Qd6 Rfd8 0-1